[Event "GER GM07-B email"]
[Site "GER email"]
[Date "2018.06.19"]
[Round "?"]
[White "Copar, Anton"]
[Black "Maerten, Thomas"]
[Result "1/2-1/2"]
[WhiteElo "2527"]
[BlackElo "2526"]
[PlyCount "62"]
[EventDate "2018.??.??"]
[EventType "tourn (corr)"]
[EventRounds "13"]
[EventCountry "GER"]
[SourceTitle "Corr 2022"]
[Source "ChessBase"]
[SourceDate "2021.10.24"]
[SourceVersion "1"]
[SourceVersionDate "2021.10.24"]
[SourceQuality "1"]

1. e4 e5 2. Nf3 Nc6 3. Bb5 Nf6 4. d3 Bc5 5. c3 d5 6. Nbd2 dxe4 7. dxe4 0-0 8. 0-0 Qe7 9. b4 Bd6 10. a3 a5 11. Bb2 Rd8 12. Qc2 Be6 13. Bd3 Nd7 14. Nc4 f6 15. Ne3 Qf7 16. Nd2 Nb6 17. Be2 Bf8 18. Rfd1 Rdc8 19. h3 Nd8 20. Bg4 Bxg4 21. hxg4 Ne6 22. Nb3 a4 23. Na5 c6 24. Rd2 Rc7 25. Rad1 h5 26. gxh5 Qxh5 27. Bc1 g6 28. Qa2 Re8 29. Rd8 Nd5 30. Rxe8 Rh7 31. f3 Nef4 1/2-1/2

[Event "GER GM07-B email"]
[Site "GER email"]
[Date "2018.06.19"]
[Round "?"]
[White "Maerten, Thomas"]
[Black "Stein, Kurt W"]
[Result "1/2-1/2"]
[WhiteElo "2526"]
[BlackElo "2521"]
[PlyCount "71"]
[EventDate "2018.??.??"]
[EventType "tourn (corr)"]
[EventRounds "13"]
[EventCountry "GER"]
[SourceTitle "Corr 2022"]
[Source "ChessBase"]
[SourceDate "2021.10.24"]
[SourceVersion "1"]
[SourceVersionDate "2021.10.24"]
[SourceQuality "1"]

1. e4 c5 2. Nc3 a6 3. Nge2 Nf6 4. g3 e6 5. Bg2 Nc6 6. d4 cxd4 7. Nxd4 Qc7 8. 0-0 Bc5 9. Nxc6 dxc6 10. Na4 Ba7 11. c4 e5 12. c5 Be6 13. Qc2 0-0 14. b4 h6 15. Be3 Rad8 16. h3 Qe7 17. Rfd1 Nd7 18. Nc3 f5 19. exf5 Bxf5 20. Ne4 Nf6 21. Rxd8 Rxd8 22. Nxf6+ Qxf6 23. Qb2 Bb8 24. Re1 Qf7 25. a4 Qc4 26. h4 Bd3 27. Bd2 Qc2 28. Bc3 Qxb2 29. Bxb2 Kf7 30. h5 Bc2 31. a5 Bf5 32. Bf3 Rd3 33. Re3 Rxe3 34. fxe3 e4 35. g4 g5 36. gxf5 1/2-1/2

[Event "GER GM07-B email"]
[Site "GER email"]
[Date "2018.06.19"]
[Round "?"]
[White "Schwenck, Mathias"]
[Black "Maerten, Thomas"]
[Result "1/2-1/2"]
[WhiteElo "2524"]
[BlackElo "2526"]
[PlyCount "78"]
[EventDate "2018.??.??"]
[EventType "tourn (corr)"]
[EventRounds "13"]
[EventCountry "GER"]
[SourceTitle "Corr 2022"]
[Source "ChessBase"]
[SourceDate "2021.10.24"]
[SourceVersion "1"]
[SourceVersionDate "2021.10.24"]
[SourceQuality "1"]

1. e4 e5 2. Nf3 Nc6 3. Bb5 a6 4. Ba4 Nf6 5. Qe2 b5 6. Bb3 Bc5 7. c3 0-0 8. 0-0 d6 9. Rd1 Bb6 10. d3 Ne7 11. a4 Rb8 12. Nbd2 Ng6 13. Nf1 c5 14. axb5 axb5 15. Ne3 Nf4 16. Qc2 h6 17. c4 b4 18. g3 Ng6 19. Qe2 Be6 20. Ne1 Ra8 21. Bd2 Qd7 22. Rdc1 Rfb8 23. Qd1 Bh3 24. Rxa8 Rxa8 25. Ra1 Qc8 26. Qb1 Bd8 27. Rxa8 Qxa8 28. Bd1 Nh7 29. Nf3 Qa7 30. Nd5 Ne7 31. Ne3 Nc8 32. Be2 Bg5 33. Nxg5 hxg5 34. Nd5 Ne7 35. Nxe7+ Qxe7 36. Qc1 g6 37. g4 f5 38. gxf5 gxf5 39. exf5 Qb7 1/2-1/2

[Event "GER GM04-A email"]
[Site "GER email"]
[Date "2015.06.25"]
[Round "?"]
[White "Maerten, Thomas"]
[Black "Gleichmann, Matthias"]
[Result "1/2-1/2"]
[WhiteElo "2502"]
[BlackElo "2550"]
[PlyCount "87"]
[EventDate "2015.??.??"]
[EventType "tourn (corr)"]
[EventRounds "10"]
[EventCountry "GER"]
[SourceTitle "Corr 2017"]
[Source "ChessBase"]
[SourceDate "2017.09.19"]
[SourceVersion "1"]
[SourceVersionDate "2017.09.19"]
[SourceQuality "1"]

1. e4 c5 2. Nf3 Nc6 3. d4 cxd4 4. Nxd4 Nf6 5. Nc3 e5 6. Ndb5 d6 7. Nd5 Nxd5 8. exd5 Nb8 9. a4 Be7 10. Be2 0-0 11. 0-0 Nd7 12. Kh1 a6 13. Na3 f5 14. f4 Qc7 15. Nc4 b6 16. Ra3 Bf6 17. Be3 e4 18. a5 b5 19. Nb6 Rb8 20. c4 b4 21. Ra2 Nxb6 22. axb6 Rxb6 23. Qb3 Re8 24. Rfa1 Rb8 25. Ra4 Qb7 26. h3 Kh8 27. Kh2 h6 28. Bh5 g6 29. Be2 Qe7 30. Rxb4 Rxb4 31. Qxb4 g5 32. g3 Rg8 33. Ra3 Kh7 34. Qd2 gxf4 35. Bxf4 Qa7 36. Bf1 Bg5 37. b4 Qb6 38. Be3 Bxe3 39. Rxe3 Rg7 40. Ra3 Re7 41. Kg2 Rf7 42. Rb3 f4 43. gxf4 a5 44. Kh2 1/2-1/2

[Event "GER GM04-A email"]
[Site "GER email"]
[Date "2015.06.25"]
[Round "?"]
[White "Maerten, Thomas"]
[Black "Siikaluoma, Auno"]
[Result "1-0"]
[WhiteElo "2502"]
[BlackElo "2537"]
[PlyCount "117"]
[EventDate "2015.??.??"]
[EventType "tourn (corr)"]
[EventRounds "10"]
[EventCountry "GER"]
[SourceTitle "Corr 2017"]
[Source "ChessBase"]
[SourceDate "2017.09.19"]
[SourceVersion "1"]
[SourceVersionDate "2017.09.19"]
[SourceQuality "1"]

1. e4 c5 2. Nf3 d6 3. d4 cxd4 4. Nxd4 Nf6 5. Nc3 a6 6. Be3 e5 7. Nb3 Be6 8. f3 h5 9. Nd5 Nxd5 10. exd5 Bf5 11. Be2 Qh4+ 12. g3 Qd8 13. Qd2 Be7 14. Bd3 Bh3 15. 0-0-0 Nd7 16. Kb1 Rc8 17. c4 0-0 18. Rc1 Nf6 19. Rhg1 Qd7 20. Ka1 Rfe8 21. Qe2 Rb8 22. g4 hxg4 23. fxg4 e4 24. Bb1 Bxg4 25. Qg2 g6 26. Bd4 Bf3 27. Qf1 Nh5 28. Nd2 Qf5 29. Rc3 Qf4 30. Nxf3 exf3 31. Bxg6 fxg6 32. Rxg6+ Kf7 33. Rxf3 Qxf3 34. Qxf3+ Kxg6 35. Qe4+ Kh6 36. h4 Nf6 37. Qe3+ Kg6 38. Kb1 Rbd8 39. a4 Nd7 40. Qe4+ Kh6 41. Be3+ Kg7 42. Qg4+ Kh7 43. Qh5+ Kg8 44. Qg6+ Kh8 45. Bd4+ Ne5 46. c5 Bf8 47. cxd6 Bxd6 48. a5 Bc7 49. Ka2 Bd6 50. Kb3 Rf8 51. Bxe5+ Bxe5 52. Qh5+ Kg8 53. Qxe5 Kf7 54. Kc4 Rc8+ 55. Kd4 Rfe8 56. Qf5+ Ke7 57. Qe6+ Kf8 58. Qf6+ Kg8 59. d6 1-0

[Event "GER GM04-A email"]
[Site "GER email"]
[Date "2015.06.25"]
[Round "?"]
[White "Nekhaev, Andrey Ivanovich"]
[Black "Maerten, Thomas"]
[Result "1/2-1/2"]
[WhiteElo "2519"]
[BlackElo "2502"]
[PlyCount "81"]
[EventDate "2015.??.??"]
[EventType "tourn (corr)"]
[EventRounds "10"]
[EventCountry "GER"]
[SourceTitle "Corr 2017"]
[Source "ChessBase"]
[SourceDate "2017.09.19"]
[SourceVersion "1"]
[SourceVersionDate "2017.09.19"]
[SourceQuality "1"]

1. e4 e5 2. Nf3 Nc6 3. Bb5 Nf6 4. d3 Bc5 5. c3 0-0 6. 0-0 d6 7. Nbd2 Ne7 8. d4 exd4 9. cxd4 Bb6 10. h3 d5 11. e5 Ne4 12. Bd3 f5 13. exf6 Nxf6 14. a4 a5 15. Re1 Nc6 16. Nf1 h6 17. Bc2 Ne4 18. Bxe4 dxe4 19. Rxe4 Bf5 20. Rh4 Bg6 21. N1h2 Qd5 22. Bd2 Ne7 23. Ng4 Nf5 24. Ne3 Nxe3 25. Bxe3 Bh5 26. Qc2 Bxf3 27. gxf3 Rf5 28. Qe4 Rd8 29. Kg2 c6 30. Rd1 Bc7 31. Rg4 Rf6 32. Rg1 Kh8 33. h4 Qf7 34. Qd3 Bd6 35. Kf1 Bf8 36. R1g3 Rxf3 37. Rxf3 Qxf3 38. Qe4 Qxe4 39. Rxe4 Kg8 40. Ke2 h5 41. Kd3 1/2-1/2

[Event "GER GM04-A email"]
[Site "GER email"]
[Date "2015.06.25"]
[Round "?"]
[White "Serradimigni, Robert"]
[Black "Maerten, Thomas"]
[Result "1/2-1/2"]
[WhiteElo "2497"]
[BlackElo "2502"]
[PlyCount "53"]
[EventDate "2015.??.??"]
[EventType "tourn (corr)"]
[EventRounds "10"]
[EventCountry "GER"]
[SourceTitle "Corr 2017"]
[Source "ChessBase"]
[SourceDate "2017.09.19"]
[SourceVersion "1"]
[SourceVersionDate "2017.09.19"]
[SourceQuality "1"]

1. e4 e5 2. Nf3 Nc6 3. Bb5 Nf6 4. 0-0 Nxe4 5. d4 Nd6 6. Bxc6 dxc6 7. dxe5 Nf5 8. Qxd8+ Kxd8 9. h3 Ke8 10. Rd1 Be6 11. Nc3 Be7 12. b3 b6 13. Ne2 Rd8 14. Rxd8+ Bxd8 15. Nf4 Bc8 16. Bb2 Nh4 17. Nd4 Bg5 18. Nde2 h5 19. Re1 c5 20. c4 c6 21. Rd1 Bf5 22. f3 Ng6 23. Nxg6 fxg6 24. Kf2 h4 25. e6 Bxe6 26. Bxg7 Rg8 27. Be5 1/2-1/2